000
00232nam a22000977a 4500
999
_c
15836
_d
15836
003
OSt
008
191022b ||||| |||| 00| 0 eng d
100
_a
Raman ,Nair Vettoor .
_9
4339
245
_a
Jeevikan Marunnu Poya sthree
942
_c
BK